[Event "Scarborough CC Ridout mem. Swiss"]
[Site "Toronto CAN"]
[Date "2023.10.19"]
[Round "6.4"]
[White "De Costa, Benjamin"]
[Black "Bossy, John"]
[Result "1/2-1/2"]
[WhiteElo "1618"]
[BlackElo "1946"]
[PlyCount "58"]
[EventDate "2023.09.14"]
[EventType "swiss"]
[EventRounds "6"]
[EventCountry "CAN"]

1. d4 Nf6 2. c4 e6 3. Nf3 d5 4. Bg5 Be7 5. Nc3 O-O 6. e3 h6 7. Bh4 b6 8. cxd5
exd5 9. Ne5 Be6 10. Bb5 c5 11. Bc6 Nxc6 12. Nxc6 Qc7 13. Nxe7+ Qxe7 14. dxc5
bxc5 15. Nxd5 Bxd5 16. Bxf6 Qxf6 17. Qxd5 Qxb2 18. O-O Qa3 19. Rfc1 Rac8 20.
Qb3 Qb4 21. Rc4 Qxb3 22. axb3 Rb8 23. Rc3 Rb7 24. Rxc5 Rxb3 25. Rca5 Rfb8 26.
Kf1 Rb1+ 27. Rxb1 Rxb1+ 28. Ke2 Rb7 29. Ra2 h5 1/2-1/2

[Event "Scarborough CC Ridout mem. Swiss"]
[Site "Toronto CAN"]
[Date "2023.10.19"]
[Round "6.5"]
[White "Cheng, Adrien"]
[Black "Gebhardt, David"]
[Result "1-0"]
[WhiteElo "1608"]
[BlackElo "1767"]
[PlyCount "61"]
[EventDate "2023.09.14"]
[EventType "swiss"]
[EventRounds "6"]
[EventCountry "CAN"]

1. f4 d5 2. Nf3 Nf6 3. e3 Bg4 4. b3 Nbd7 5. Bb2 e6 6. Be2 Ne4 7. O-O Bc5 8. Kh1
Qe7 9. d3 Nef6 10. d4 Bd6 11. c4 dxc4 12. bxc4 c6 13. Nc3 Bb4 14. Qc2 h5 15. e4
Bxf3 16. Bxf3 Ng4 17. Qe2 Nb6 18. c5 Nd7 19. Bxg4 hxg4 20. Qxg4 Nf6 21. Qf3
O-O-O 22. e5 Bxc3 23. exf6 gxf6 24. Bxc3 Rh7 25. f5 Rdh8 26. h3 Kb8 27. Rae1
Qd7 28. fxe6 fxe6 29. Qxf6 Rh6 30. Qf4+ Ka8 31. Qxh6 1-0

[Event "Scarborough CC Spring into Summer"]
[Site "Toronto CAN"]
[Date "2023.05.25"]
[Round "1.1"]
[White "Gao, Heye"]
[Black "Southam, David"]
[Result "0-1"]
[WhiteElo "1881"]
[BlackElo "2066"]
[PlyCount "62"]
[EventDate "2023.05.25"]
[EventType "swiss"]
[EventRounds "6"]
[EventCountry "CAN"]

1. e4 e6 2. d4 d5 3. Nc3 Bb4 4. e5 c5 5. a3 Bxc3+ 6. bxc3 Ne7 7. f4 Nbc6 8. Nf3
Qa5 9. Bd2 cxd4 10. cxd4 Qa4 11. Bc3 b6 12. Qd2 Ba6 13. Bd3 Bxd3 14. Qxd3 Qc4
15. Ke2 O-O 16. Ng5 h6 17. Nf3 Rfc8 18. Nd2 Nxe5 19. Qxc4 Nxc4 20. Kd3 Nxd2 21.
Bxd2 Nf5 22. g4 Nd6 23. h4 Ne4 24. Rh2 Rc4 25. Rg2 Nxd2 26. Rxd2 Rac8 27. Ra2
Rc3+ 28. Ke2 Rh3 29. Kf2 Rcc3 30. Rd3 Rcxd3 31. cxd3 Rh2+ 0-1

[Event "Scarborough CC Spring into Summer"]
[Site "Toronto CAN"]
[Date "2023.05.25"]
[Round "1.2"]
[White "Zhong, Ryan Yunhui"]
[Black "Wang, Nathan"]
[Result "0-1"]
[WhiteElo "1982"]
[BlackElo "1828"]
[PlyCount "70"]
[EventDate "2023.05.25"]
[EventType "swiss"]
[EventRounds "6"]
[EventCountry "CAN"]

1. e4 c5 2. Nf3 Nc6 3. Bb5 g6 4. O-O Bg7 5. c3 a6 6. Ba4 b5 7. Bc2 e5 8. d3
Nge7 9. Be3 d6 10. d4 exd4 11. cxd4 Bg4 12. Bb3 O-O 13. Qd2 Bxf3 14. gxf3 Nxd4
15. Bxd4 Bxd4 16. Nc3 Nc6 17. Ne2 Qf6 18. f4 c4 19. Bd1 Rfe8 20. Nc3 Bxc3 21.
bxc3 Rac8 22. Bg4 Rc7 23. Rfe1 h5 24. Bh3 Rce7 25. Bg2 b4 26. Qd5 Rc7 27. Qxc4
bxc3 28. e5 dxe5 29. Qxc3 Qxf4 30. Re4 Qf6 31. f4 Rec8 32. fxe5 Nxe5 33. Qe3
Ng4 34. Re8+ Kg7 35. Qe1 Rxe8 0-1

[Event "Scarborough CC Spring into Summer"]
[Site "Toronto CAN"]
[Date "2023.05.25"]
[Round "1.3"]
[White "Wu, Nolan"]
[Black "Yang, Larry"]
[Result "1/2-1/2"]
[WhiteElo "1807"]
[BlackElo "1955"]
[PlyCount "102"]
[EventDate "2023.05.25"]
[EventType "swiss"]
[EventRounds "6"]
[EventCountry "CAN"]

1. e4 e5 2. Nf3 Nc6 3. Bc4 Bc5 4. c3 Nf6 5. d4 exd4 6. e5 d5 7. Bb5 Ne4 8. cxd4
Bb6 9. Nc3 O-O 10. Be3 Ne7 11. Bd3 f5 12. Ne2 Ng6 13. g3 Ba5+ 14. Kf1 Kh8 15.
h4 f4 16. Nxf4 Bg4 17. Be2 Nxf4 18. gxf4 Qd7 19. Ng5 Bf5 20. Kg2 h6 21. Nh3 Qe6
22. h5 Rf7 23. f3 Nf6 24. Nf2 Nxh5 25. Rxh5 Qg6+ 26. Rg5 hxg5 27. fxg5 Bc2 28.
Qh1+ Qh7 29. Qc1 Kg8 30. b4 Bb6 31. Qd2 Raf8 32. Rh1 Qg6 33. f4 Be4+ 34. Nxe4
Qxe4+ 35. Bf3 Qf5 36. Bxd5 Qg4+ 37. Kf2 Qxg5 38. Qd3 g6 39. Rg1 Qh4+ 40. Ke2
Qh5+ 41. Kd2 Kg7 42. Be4 Rxf4 43. Bxf4 Rxf4 44. Rxg6+ Qxg6 45. Bxg6 Rxd4 46.
Be4 c6 47. Kc3 Rxd3+ 48. Kxd3 Kf7 49. b5 Ke6 50. bxc6 bxc6 51. Bxc6 Kxe5
1/2-1/2

[Event "Scarborough CC Spring into Summer"]
[Site "Toronto CAN"]
[Date "2023.05.25"]
[Round "1.4"]
[White "Zhao, Jifan"]
[Black "Zhong, April"]
[Result "0-1"]
[WhiteElo "2014"]
[BlackElo "1796"]
[PlyCount "68"]
[EventDate "2023.05.25"]
[EventType "swiss"]
[EventRounds "6"]
[EventCountry "CAN"]

1. e4 e6 2. d4 d5 3. Nc3 Nf6 4. e5 Nfd7 5. f4 c5 6. Nf3 Nc6 7. Be3 a6 8. a3
cxd4 9. Nxd4 Bc5 10. Qd2 Bxd4 11. Bxd4 b5 12. b4 O-O 13. Be2 Qe7 14. O-O Bb7
15. Bf3 Rac8 16. Ne2 Nxd4 17. Nxd4 Nb6 18. c3 Rc7 19. Nb3 Na4 20. Rac1 Rfc8 21.
Qd4 Rc4 22. Qa7 R8c7 23. Na5 Bc8 24. Qb8 Rxc3 25. Rxc3 Rxc3 26. f5 Nb2 27. f6
Qc7 28. Qxc7 Rxc7 29. Rb1 Nd3 30. Bd1 Nxe5 31. fxg7 Kxg7 32. Be2 Rc3 33. Re1
Nc4 34. Bxc4 bxc4 0-1

[Event "Scarborough CC Spring into Summer"]
[Site "Toronto CAN"]
[Date "2023.06.01"]
[Round "2.1"]
[White "Wang, Nathan"]
[Black "Zhong, April"]
[Result "1/2-1/2"]
[WhiteElo "1828"]
[BlackElo "1795"]
[PlyCount "52"]
[EventDate "2023.05.25"]
[EventType "swiss"]
[EventRounds "6"]
[EventCountry "CAN"]

1. e4 e6 2. d4 d5 3. e5 c5 4. c3 Nc6 5. Nf3 Bd7 6. Be2 Nge7 7. O-O Ng6 8. g3 f6
9. exf6 gxf6 10. h4 Bd6 11. c4 dxc4 12. d5 Nce5 13. Nxe5 Bxe5 14. Bxc4 Qb6 15.
dxe6 Bxe6 16. Bxe6 Qxe6 17. Re1 O-O 18. h5 Ne7 19. Kh2 Rad8 20. Qe2 Qf5 21. Be3
b6 22. Nc3 Nc6 23. Rad1 Nd4 24. Bxd4 Bxd4 25. Kg2 Rfe8 26. Qf3 Re5 1/2-1/2

[Event "Scarborough CC Spring into Summer"]
[Site "Toronto CAN"]
[Date "2023.06.01"]
[Round "2.2"]
[White "Huang, Richard"]
[Black "Ugodnikov, Arkadiy"]
[Result "1/2-1/2"]
[WhiteElo "2071"]
[BlackElo "1593"]
[PlyCount "61"]
[EventDate "2023.05.25"]
[EventType "swiss"]
[EventRounds "6"]
[EventCountry "CAN"]

1. d4 Nf6 2. Nf3 b6 3. c4 Bb7 4. Nc3 e6 5. e3 Bb4 6. Bd3 Bxc3+ 7. bxc3 Ne4 8.
Qc2 f5 9. O-O O-O 10. Nd2 Nxd2 11. Bxd2 d6 12. f3 Nd7 13. Rae1 Nf6 14. e4 fxe4
15. fxe4 e5 16. Bg5 h6 17. Bh4 Qe7 18. Rf2 g5 19. Bg3 Nh5 20. c5 Nxg3 21. cxd6
cxd6 22. hxg3 Rxf2 23. Qxf2 Rf8 24. Qe2 Qg7 25. Qc2 Qd7 26. Re3 Rf6 27. Rf3 Bc6
28. Rf5 Qe7 29. Rxf6 Qxf6 30. Qf2 Qxf2+ 31. Kxf2 1/2-1/2

[Event "Scarborough CC Spring into Summer"]
[Site "Toronto CAN"]
[Date "2023.06.01"]
[Round "2.3"]
[White "Desikan, Ajith"]
[Black "Wu, Nolan"]
[Result "0-1"]
[WhiteElo "1658"]
[BlackElo "1807"]
[PlyCount "86"]
[EventDate "2023.05.25"]
[EventType "swiss"]
[EventRounds "6"]
[EventCountry "CAN"]

1. d4 Nf6 2. Bf4 g6 3. Nc3 d5 4. Nf3 Bg7 5. e3 O-O 6. Be2 a6 7. O-O Nbd7 8. Ne5
e6 9. Na4 c6 10. Nxd7 Nxd7 11. Bd6 Re8 12. Nc5 b6 13. Nxd7 Qxd7 14. Bg3 f6 15.
c4 Bb7 16. Rc1 Rac8 17. a4 c5 18. Qb3 Qc6 19. Bf3 Kh8 20. Rfd1 Red8 21. Rd2
cxd4 22. Rxd4 e5 23. Bxd5 Rxd5 24. cxd5 Qxc1+ 25. Rd1 Rc2 26. Qd3 Bc8 27. d6
Bd7 28. h4 Qxb2 29. Qxa6 Bf8 30. Qb7 Rc1 31. Rf1 Rxf1+ 32. Kxf1 Qc1+ 33. Ke2
Qc4+ 34. Kd2 Qc6 35. Qa7 Qxd6+ 36. Ke2 Be6 37. f4 Bg4+ 38. Kf2 Qd2+ 39. Kg1
Qxe3+ 40. Kh2 exf4 41. Bf2 Qxf2 42. Qf7 Qxh4+ 43. Kg1 Bc5+ 0-1

[Event "Scarborough CC Spring into Summer"]
[Site "Toronto CAN"]
[Date "2023.06.01"]
[Round "2.5"]
[White "Zhao, Jifan"]
[Black "Zhong, Ryan Yunhui"]
[Result "1-0"]
[WhiteElo "2014"]
[BlackElo "1982"]
[Annotator ",hugh_brodie@hotmail."]
[PlyCount "142"]
[EventDate "2023.05.25"]
[EventType "swiss"]
[EventRounds "6"]
[EventCountry "CAN"]

1. e4 e6 2. d4 d5 3. Nc3 Nf6 4. e5 Nfd7 5. f4 c5 6. Nf3 Nc6 7. Be3 a6 8. a3
cxd4 9. Nxd4 Bc5 10. Qd2 Bxd4 11. Bxd4 O-O 12. Be2 Qe7 13. O-O b5 14. b4 Bb7
15. Qe3 Rfe8 16. Bd3 Nxd4 17. Qxd4 Nb8 18. Ne2 Nc6 19. Qe3 a5 20. c3 d4 21.
Nxd4 Nxd4 22. Qxd4 Red8 23. Qe3 Qd7 24. Be4 Bxe4 25. Qxe4 Qa7+ 26. Kh1 axb4 27.
Qxb4 Qd7 28. h3 Ra4 29. Qc5 Rc8 30. Qb6 h6 31. Rad1 Qe8 32. Qb7 Rxa3 33. Rd7
Rb8 34. Re7 Qd8 35. Rd7 Qc8 36. Qxc8+ Rxc8 37. Rb7 Rcxc3 38. Rxb5 Rc2 39. Rg1
Ra4 40. Rf1 Raa2 41. Rg1 Ra4 42. Rf1 Kh7 43. Rb3 Rcc4 44. Rbf3 g6 45. g3 Re4
46. Kg2 Ra2+ 47. R1f2 Ra1 48. Rf1 Ra5 49. R1f2 Kg7 50. h4 h5 51. Rf1 f6 52.
exf6+ Kxf6 53. Rb3 Re2+ 54. Rf2 Re1 55. Kf3 Rea1 56. Re3 Rf5 57. Rfe2 Ra6 58.
Re5 Rb6 59. Rxf5+ gxf5 60. Re5 Rb3+ 61. Kf2 Rd3 62. Re3 Rd1 63. Ke2 Rd4 64. Rd3
Re4+ 65. Re3 e5 66. fxe5+ Kxe5 67. Kf3 Kd4 68. Ra3 Re5 69. Kf4 Rb5 70. Ra8 Kd3
71. Rf8 Rb4+ {
Too many illegal/unreadable/ambiguous moves.  White won in 107 moves.} 1-0

[Event "Scarborough CC Spring into Summer"]
[Site "Toronto CAN"]
[Date "2023.06.08"]
[Round "3.2"]
[White "Wu, Nolan"]
[Black "Huang, Richard"]
[Result "1/2-1/2"]
[WhiteElo "1807"]
[BlackElo "2071"]
[PlyCount "80"]
[EventDate "2023.05.25"]
[EventType "swiss"]
[EventRounds "6"]
[EventCountry "CAN"]

1. e4 c6 2. d4 d5 3. e5 c5 4. dxc5 Nc6 5. f4 Nh6 6. Nf3 Bg4 7. Bd3 e6 8. Be3 d4
9. Bf2 Bxc5 10. O-O Nf5 11. Qe2 Ne3 12. Re1 Nd5 13. Bg3 O-O 14. a3 f5 15. Nbd2
Nce7 16. Nb3 Bb6 17. Qf2 Bxf3 18. Qxf3 Rc8 19. Kh1 Ne3 20. Rac1 Qd5 21. Qe2 g5
22. fxg5 f4 23. c4 dxc3 24. Rcd1 Nxd1 25. Bxh7+ Kxh7 26. Rxd1 Qxb3 27. Qh5+ Kg7
28. Rd7 Rc7 29. Qh6+ Kg8 30. g6 Qd1+ 31. Rxd1 Nf5 32. Qxf4 Nxg3+ 33. Qxg3 c2
34. Rc1 Rd8 35. Qb3 Kg7 36. h4 Rd2 37. Qxe6 Rd1+ 38. Kh2 Rxc1 39. Qf6+ Kg8 40.
Qe6+ Kf8 1/2-1/2

[Event "Scarborough CC Spring into Summer"]
[Site "Toronto CAN"]
[Date "2023.06.08"]
[Round "3.3"]
[White "Yang, Larry"]
[Black "Gao, Heye"]
[Result "1-0"]
[WhiteElo "1955"]
[BlackElo "1881"]
[PlyCount "115"]
[EventDate "2023.05.25"]
[EventType "swiss"]
[EventRounds "6"]
[EventCountry "CAN"]

1. e4 e5 2. Nf3 Nc6 3. Bc4 Bc5 4. c3 Nf6 5. d4 exd4 6. e5 d5 7. Be2 Ne4 8. cxd4
Bb4+ 9. Nbd2 Bf5 10. O-O O-O 11. a3 Be7 12. Nb3 f6 13. Be3 Qd7 14. Rc1 a6 15.
Qe1 Qe6 16. Na5 Nxa5 17. Qxa5 b6 18. Qa4 c5 19. dxc5 bxc5 20. b4 c4 21. Nd4 Qd7
22. Qxd7 Bxd7 23. e6 Bc8 24. f4 f5 25. g4 g6 26. gxf5 gxf5 27. Nc6 Bf6 28. e7
Re8 29. Bh5 Bb7 30. Bxe8 Rxe8 31. Na5 Ba8 32. Rfd1 Rxe7 33. Bd4 Bh4 34. Rc2 Kf8
35. Rg2 Bf6 36. Bxf6 Nxf6 37. Rg5 Rg7 38. Nxc4 dxc4 39. Rd8+ Ke7 40. Rxa8 Rxg5+
41. fxg5 Ne4 42. Rc8 c3 43. a4 Kd7 44. Rc4 Kd6 45. b5 axb5 46. axb5 Kd5 47. Rc7
Nc5 48. Re7 Ne4 49. Rf7 Nd6 50. Re7 Ne4 51. Rc7 Nc5 52. Rf7 Ke5 53. Re7+ Ne6
54. Re8 Kd6 55. Rc8 Nc7 56. b6 Na6 57. Rxc3 Nc5 58. Rxc5 1-0

[Event "Scarborough CC Spring into Summer"]
[Site "Toronto CAN"]
[Date "2023.06.08"]
[Round "3.4"]
[White "Chamberland, Luc"]
[Black "Zhao, Jifan"]
[Result "1-0"]
[WhiteElo "1625"]
[BlackElo "2014"]
[PlyCount "73"]
[EventDate "2023.05.25"]
[EventType "swiss"]
[EventRounds "6"]
[EventCountry "CAN"]

1. e4 e6 2. d4 d5 3. exd5 exd5 4. c4 h6 5. Nc3 c6 6. Nf3 Bb4 7. cxd5 Bxc3+ 8.
bxc3 cxd5 9. Bd3 Nf6 10. Ba3 Nc6 11. O-O Ne7 12. Re1 Be6 13. Bb5+ Nc6 14. Ne5
Qc7 15. Qa4 Rc8 16. Qxa7 Nd7 17. Bxc6 bxc6 18. Qxc7 Rxc7 19. Bd6 Rc8 20. Ng6
Rh7 21. Nf4 Nf8 22. Bxf8 Kxf8 23. Nxe6+ fxe6 24. Rxe6 Kf7 25. Rae1 Rhh8 26. f4
Rhd8 27. Re7+ Kf6 28. g4 Ra8 29. f5 Kg5 30. Rxg7+ Kf4 31. Rf1+ Ke3 32. Rf2 Kd3
33. Rf3+ Ke4 34. Kg2 Rxa2+ 35. Kg3 Re8 36. f6 Rxh2 37. Re7+ 1-0

[Event "Scarborough CC Spring into Summer"]
[Site "Toronto CAN"]
[Date "2023.06.15"]
[Round "4.1"]
[White "Wang, Nathan"]
[Black "Wu, Nolan"]
[Result "1-0"]
[WhiteElo "1828"]
[BlackElo "1807"]
[PlyCount "53"]
[EventDate "2023.05.25"]
[EventType "swiss"]
[EventRounds "6"]
[EventCountry "CAN"]

1. e4 c5 2. Nc3 g6 3. g3 Bg7 4. Bg2 Nc6 5. d3 d6 6. Nge2 e6 7. O-O Nge7 8. f4
O-O 9. Be3 Nd4 10. Bf2 f5 11. Nxd4 cxd4 12. Ne2 e5 13. c3 dxc3 14. bxc3 exf4
15. Nxf4 Bxc3 16. Qb3+ d5 17. Qxc3 fxe4 18. dxe4 Bd7 19. Nxd5 Nxd5 20. exd5 Rc8
21. Qb3 h6 22. Bd4 Bf5 23. d6+ Kh7 24. Rxf5 gxf5 25. Qxb7+ Rc7 26. Qxc7+ Qxc7
27. dxc7 1-0

[Event "Scarborough CC Spring into Summer"]
[Site "Toronto CAN"]
[Date "2023.06.15"]
[Round "4.2"]
[White "Zhong, Ryan Yunhui"]
[Black "Yang, Larry"]
[Result "1-0"]
[WhiteElo "1982"]
[BlackElo "1955"]
[PlyCount "107"]
[EventDate "2023.05.25"]
[EventType "swiss"]
[EventRounds "6"]
[EventCountry "CAN"]

1. e4 e5 2. Nf3 Nc6 3. d4 exd4 4. Nxd4 Bc5 5. Nb3 Bb6 6. Nc3 Nge7 7. Bg5 d6 8.
Qd2 f6 9. Be3 Be6 10. O-O-O O-O 11. Be2 Bxe3 12. Qxe3 Qc8 13. Rdg1 a5 14. a4
Qe8 15. g4 Qf7 16. Nb5 Rac8 17. f4 Kh8 18. N3d4 Bc4 19. Bxc4 Qxc4 20. b3 Qc5
21. Rg3 Nxd4 22. Nxd4 Nc6 23. Nxc6 Qxc6 24. Re1 Qd7 25. f5 Rce8 26. g5 fxg5 27.
Rxg5 Qe7 28. Rh5 Qf7 29. Qh3 Qg8 30. Re3 Re5 31. Qg4 g6 32. Rg5 Rfxf5 33. exf5
Rxe3 34. fxg6 Qe6 35. g7+ Kg8 36. Qf4 Re1+ 37. Kb2 Qe7 38. Qh4 Qf6+ 39. c3 Re2+
40. Ka3 h6 41. Qc4+ Qe6 42. Qf4 Qe7 43. Rg6 d5+ 44. b4 axb4+ 45. Kb3 Re3 46.
Qg4 Rxc3+ 47. Kb2 Qe8 48. Rxh6 Rh3 49. Rxh3 Qe5+ 50. Ka2 b3+ 51. Kxb3 Qxg7 52.
Qc8+ Kf7 53. Rf3+ Kg6 54. Qf5+ 1-0

[Event "Scarborough CC Spring into Summer"]
[Site "Toronto CAN"]
[Date "2023.06.15"]
[Round "4.3"]
[White "Zhong, April"]
[Black "Gao, Heye"]
[Result "1-0"]
[WhiteElo "1795"]
[BlackElo "1881"]
[PlyCount "75"]
[EventDate "2023.05.25"]
[EventType "swiss"]
[EventRounds "6"]
[EventCountry "CAN"]

1. e4 e5 2. Nf3 Nc6 3. d4 exd4 4. Nxd4 Nf6 5. Nc3 Bb4 6. Nxc6 bxc6 7. Bd3 h6 8.
O-O O-O 9. e5 Bxc3 10. bxc3 Nd5 11. Qg4 d6 12. Qg3 Kh8 13. Ba3 c5 14. Be4 Bb7
15. c4 Nc3 16. Qxc3 Bxe4 17. Rfe1 Bc6 18. Bc1 Qh4 19. Bb2 Qg5 20. Qh3 Rfe8 21.
f4 Qxf4 22. Rf1 Qxc4 23. exd6 Qe6 24. Qg3 Qg6 25. Qxg6 fxg6 26. Rf7 cxd6 27.
Rxg7 Rab8 28. Bc3 Re3 29. Rb7+ Rxc3 30. Rxb8+ Kg7 31. Rd1 Rxc2 32. Rxd6 Bxg2
33. Rc8 h5 34. Rc7+ Kh6 35. h4 Be4 36. Rd8 g5 37. Rd6+ Bg6 38. Rcc6 1-0

[Event "Scarborough CC Spring into Summer"]
[Site "Toronto CAN"]
[Date "2023.06.22"]
[Round "5.2"]
[White "Ugodnikov, Arkadiy"]
[Black "Wang, Nathan"]
[Result "0-1"]
[WhiteElo "1593"]
[BlackElo "1828"]
[PlyCount "58"]
[EventDate "2023.05.25"]
[EventType "swiss"]
[EventRounds "6"]
[EventCountry "CAN"]

1. e4 c5 2. Nf3 Nc6 3. Bb5 g6 4. Bxc6 dxc6 5. d3 Bg7 6. Nc3 e5 7. Be3 b6 8. O-O
Qc7 9. h3 Nf6 10. Qd2 O-O 11. Bh6 Rd8 12. Bxg7 Kxg7 13. Nh2 c4 14. Rad1 Ba6 15.
Qe3 cxd3 16. cxd3 Rd7 17. f4 Rad8 18. fxe5 Qxe5 19. Nf3 Qe8 20. Ne1 c5 21. Qf4
Nh5 22. Qf3 Qe5 23. Ne2 Qxb2 24. g4 Nf6 25. Ng3 Qe5 26. h4 Qe6 27. g5 Ng4 28.
Nf5+ gxf5 29. exf5 Qe3+ 0-1

[Event "Scarborough CC Spring into Summer"]
[Site "Toronto CAN"]
[Date "2023.06.22"]
[Round "5.4"]
[White "Gao, Heye"]
[Black "Wu, Nolan"]
[Result "0-1"]
[WhiteElo "1881"]
[BlackElo "1807"]
[PlyCount "60"]
[EventDate "2023.05.25"]
[EventType "swiss"]
[EventRounds "6"]
[EventCountry "CAN"]

1. e4 c5 2. Nf3 d6 3. d4 cxd4 4. Nxd4 Nf6 5. Nc3 g6 6. Be3 Bg7 7. f3 O-O 8. Qd2
Nc6 9. O-O-O d5 10. exd5 Nxd5 11. Nxc6 bxc6 12. Bd4 e5 13. Bc5 Re8 14. Nxd5
cxd5 15. Bb5 Be6 16. a3 Rb8 17. Ba4 Qc7 18. Bb4 Rec8 19. Bc3 d4 20. Bb4 Qb6 21.
c3 a5 22. Kb1 axb4 23. cxb4 Qa6 24. Bc2 Rxc2 25. Kxc2 Bf5+ 26. Kb3 Qe6+ 27. Ka4
Ra8+ 28. Kb5 Qa6+ 29. Kc5 Bf8+ 30. Kd5 Rd8+ 0-1

[Event "Scarborough CC Spring into Summer"]
[Site "Toronto CAN"]
[Date "2023.06.29"]
[Round "6.1"]
[White "Wang, Nathan"]
[Black "Yang, Larry"]
[Result "1-0"]
[WhiteElo "1828"]
[BlackElo "1955"]
[PlyCount "72"]
[EventDate "2023.05.25"]
[EventType "swiss"]
[EventRounds "6"]
[EventCountry "CAN"]

1. e4 e5 2. Nf3 Nc6 3. Bc4 Bc5 4. c3 Nf6 5. d4 exd4 6. e5 d5 7. Bb5 Ne4 8. cxd4
Bb6 9. Nc3 O-O 10. Be3 Bg4 11. h3 Bh5 12. Qc2 Bg6 13. Qb3 Ne7 14. O-O c6 15.
Bd3 Nf5 16. Qc2 Nxe3 17. fxe3 c5 18. Nxe4 c4 19. Nf6+ gxf6 20. Bf5 fxe5 21.
Nxe5 Qg5 22. Rae1 Bc7 23. Nd7 Qg3 24. Nxf8 Qh2+ 25. Kf2 Bg3+ 26. Kf3 Bxe1 27.
Nxg6 Qg3+ 28. Ke2 hxg6 29. Rxe1 Re8 30. Kd2 gxf5 31. Qxf5 Qxg2+ 32. Re2 Qe4 33.
Qg5+ Kf8 34. Qh6+ Ke7 35. Rf2 Qe6 36. Qg5+ f6 1-0

[Event "Scarborough CC Spring into Summer"]
[Site "Toronto CAN"]
[Date "2023.06.29"]
[Round "6.2"]
[White "Wu, Nolan"]
[Black "Zhong, April"]
[Result "0-1"]
[WhiteElo "1807"]
[BlackElo "1796"]
[PlyCount "88"]
[EventDate "2023.05.25"]
[EventType "swiss"]
[EventRounds "6"]
[EventCountry "CAN"]

1. e4 e6 2. d4 d5 3. Nd2 c5 4. Ngf3 Nf6 5. e5 Nfd7 6. c3 Nc6 7. Bd3 cxd4 8.
cxd4 Qb6 9. Nb3 a5 10. Be3 a4 11. Nbd2 Be7 12. O-O O-O 13. Qb1 h6 14. a3 f6 15.
Bh7+ Kh8 16. Qg6 Nd8 17. Bxh6 Rf7 18. exf6 Bxf6 19. Ng5 Bxg5 20. Bxg5 Nf8 21.
Qh5 Rd7 22. Bg6+ Kg8 23. Be8 Nf7 24. Nf3 Rc7 25. Rac1 g6 26. Qh4 Nxg5 27. Nxg5
Re7 28. Rc3 e5 29. Bxa4 Qxd4 30. Ne4 Qxe4 31. Qxe7 Qxa4 32. Rc7 Bd7 33. Qxe5
Qe4 34. Qd6 Bc6 35. Rc1 Re8 36. h3 d4 37. R1xc6 bxc6 38. g3 Qe1+ 39. Kg2 Qe4+
40. Kg1 Qe1+ 41. Kg2 Qe4+ 42. Kg1 Re6 43. Qf4 Qxf4 44. gxf4 d3 0-1

[Event "Scarborough CC Spring into Summer"]
[Site "Toronto CAN"]
[Date "2023.06.29"]
[Round "6.4"]
[White "Ugodnikov, Arkadiy"]
[Black "Zhao, Jifan"]
[Result "0-1"]
[WhiteElo "1593"]
[BlackElo "2014"]
[PlyCount "74"]
[EventDate "2023.05.25"]
[EventType "swiss"]
[EventRounds "6"]
[EventCountry "CAN"]

1. e4 e6 2. d4 d5 3. Nd2 Be7 4. Ngf3 Nf6 5. e5 Nfd7 6. Bd3 c5 7. c3 cxd4 8.
cxd4 Nc6 9. Nb3 Qb6 10. O-O a5 11. a4 Nb4 12. Bb5 O-O 13. Be3 Nb8 14. Rc1 Bd7
15. Bxd7 Nxd7 16. Ng5 Rfc8 17. f4 Bxg5 18. fxg5 Nxe5 19. Qd2 Rxc1 20. Rxc1 Nc4
21. Rxc4 dxc4 22. Nc5 Nd5 23. Bf2 Qb4 24. Qe2 b6 25. Nxe6 Re8 26. h4 Rxe6 27.
Qf3 Qd6 28. Bg3 Qd7 29. h5 h6 30. gxh6 Rxh6 31. Be5 Nf6 32. Bxf6 Rxf6 33. Qa8+
Kh7 34. Qe4+ Qf5 35. Qe2 Qd3 36. Qg4 Qf1+ 37. Kh2 Qf4+ 0-1

[Event "Scarborough CC Winter Swiss"]
[Site "Toronto CAN"]
[Date "2023.02.16"]
[Round "1.1"]
[White "Yang, Larry"]
[Black "Pedersen, Rune"]
[Result "0-1"]
[WhiteElo "1984"]
[BlackElo "2114"]
[PlyCount "90"]
[EventDate "2023.02.16"]
[EventType "swiss"]
[EventRounds "6"]
[EventCountry "CAN"]

1. e4 c5 2. Nc3 g6 3. g3 Bg7 4. Bg2 Nc6 5. d3 d6 6. f4 e5 7. Nge2 Nge7 8. O-O
O-O 9. fxe5 dxe5 10. Be3 Nd4 11. h3 Be6 12. g4 c4 13. Bxd4 exd4 14. Nb1 Nc6 15.
Nd2 b5 16. Nf4 Ne5 17. Nf3 Rc8 18. Qe2 Qd6 19. Nxe5 Qxe5 20. Nxe6 Qxe6 21. Rf3
Rc7 22. Qf2 Rfc8 23. Bf1 Qd6 24. a3 Rc5 25. Rxf7 Bh6 26. Kh1 Qe6 27. Rf6 Qe7
28. Rf3 Be3 29. Qg3 h5 30. Be2 Rg5 31. dxc4 hxg4 32. hxg4 bxc4 33. Raf1 Qxe4
34. Qd6 Rxg4 35. Qd7 Rh4+ 36. Kg2 Qg4+ 37. Qxg4 Rxg4+ 38. Kh3 Rg5 39. Bxc4+ Kh8
40. Rf8+ Rxf8 41. Rxf8+ Kg7 42. Rf7+ Kh6 43. Rxa7 d3 44. Rc7 dxc2 45. Bg8 Rc5
0-1

[Event "Scarborough CC Winter Swiss"]
[Site "Toronto CAN"]
[Date "2023.02.16"]
[Round "1.2"]
[White "Southam, David"]
[Black "Zhong, April"]
[Result "1-0"]
[WhiteElo "2038"]
[BlackElo "1855"]
[PlyCount "88"]
[EventDate "2023.02.16"]
[EventType "swiss"]
[EventRounds "6"]
[EventCountry "CAN"]

1. d4 d5 2. c4 dxc4 3. e4 Nf6 4. e5 Nd5 5. Bxc4 Nb6 6. Bb3 Nc6 7. Ne2 Bf5 8.
Nbc3 e6 9. a3 Qd7 10. O-O Be7 11. Be3 Rd8 12. Qc1 f6 13. Rd1 Qc8 14. f4 Nd5 15.
Ng3 Bg4 16. Nxd5 exd5 17. Rf1 h5 18. Qd2 h4 19. Ne2 Nb8 20. Rac1 c6 21. Nc3 Qd7
22. h3 Bf5 23. Rf2 O-O 24. Rcf1 Rf7 25. Rf3 Qe6 26. Bf2 fxe5 27. fxe5 Rdf8 28.
Be3 Qg6 29. R1f2 Na6 30. Bc2 Bxc2 31. Rxf7 Rxf7 32. Qxc2 Qe6 33. b4 Nc7 34. Na4
Nb5 35. Qd3 Rxf2 36. Kxf2 Qf7+ 37. Kg1 a5 38. Nc5 axb4 39. axb4 b6 40. Na4 Bxb4
41. Nxb6 Qa7 42. Qb3 Qa1+ 43. Kh2 Bc3 44. Nxd5 Bxd4 1-0

[Event "Scarborough CC Winter Swiss"]
[Site "Toronto CAN"]
[Date "2023.02.16"]
[Round "1.3"]
[White "Desikan, Ajith"]
[Black "Huang, Richard"]
[Result "0-1"]
[WhiteElo "1741"]
[BlackElo "2057"]
[PlyCount "108"]
[EventDate "2023.02.16"]
[EventType "swiss"]
[EventRounds "6"]
[EventCountry "CAN"]

1. d4 d5 2. Bf4 c5 3. e3 Nc6 4. c3 Bf5 5. Bd3 Bxd3 6. Qxd3 Nf6 7. Nf3 Qb6 8.
Nbd2 e6 9. O-O Be7 10. b3 O-O 11. Ne5 Nxe5 12. Bxe5 Rac8 13. Rac1 Nd7 14. Bg3
a6 15. c4 cxd4 16. exd4 Bf6 17. c5 Qa5 18. Rc2 Qb5 19. Qxb5 axb5 20. Bd6 Rfe8
21. Nf3 Rc6 22. b4 Rec8 23. Bf4 Nb6 24. g4 Nc4 25. g5 Be7 26. Nd2 Ra6 27. Nb1
Ra4 28. Nc3 Rxb4 29. Rb1 Rxb1+ 30. Nxb1 f6 31. h4 e5 32. gxf6 gxf6 33. Be3 b4
34. Nd2 exd4 35. Bxd4 Nxd2 36. Rxd2 Bxc5 37. Bxf6 Kf7 38. Bg5 d4 39. Kg2 Ke6
40. Kf3 Kd5 41. Ke2 Re8+ 42. Kd3 Ra8 43. Rb2 Ra3+ 44. Ke2 Ke4 45. Rd2 Rh3 46.
Kf1 Rd3 47. Ke2 Rc3 48. Rb2 Rf3 49. Bd2 d3+ 50. Ke1 Rxf2 51. Rb3 Rf3 52. Bxb4
Bxb4+ 53. Rxb4+ Ke3 54. Rxb7 d2+ 0-1

[Event "Scarborough CC Winter Swiss"]
[Site "Toronto CAN"]
[Date "2023.02.16"]
[Round "1.4"]
[White "Li, Adam"]
[Black "Zhao, Jifan"]
[Result "1-0"]
[WhiteElo "1941"]
[BlackElo "1810"]
[PlyCount "67"]
[EventDate "2023.02.16"]
[EventType "swiss"]
[EventRounds "6"]
[EventCountry "CAN"]

1. e4 e6 2. d4 d5 3. Nd2 Be7 4. Bd3 c5 5. c3 Nc6 6. Ne2 Qb6 7. exd5 exd5 8. Nf3
Nf6 9. h3 cxd4 10. Nexd4 O-O 11. O-O Nxd4 12. Nxd4 Bc5 13. Nb3 Be6 14. Nxc5
Qxc5 15. Be3 Qc7 16. Qf3 Rfe8 17. Rfe1 Nd7 18. Bd4 Nf8 19. a4 Ng6 20. a5 Ne7
21. Be5 Qd7 22. Qg3 Ng6 23. Bd4 a6 24. h4 f5 25. h5 Nf8 26. h6 g6 27. Qe5 Re7
28. Bc2 Rc8 29. Ba4 Rc6 30. Qf6 Qd6 31. b4 Nd7 32. Qh8+ Kf7 33. Qxh7+ Kf8 34.
Qh8+ 1-0